NBA Best Small Forwards of All Time - Statistics

General Stats
  • This quiz has been taken 137 times
  • The average score is 12 of 15
Answer Stats
Ranking Team Answer % Correct
1 Cavaliers LeBron James
100%
4 Thunder Kevin Durant
98%
2 Celtics Larry Bird
97%
7 Bulls Scottie Pippen
92%
3 76ers Julius Erving
88%
13 Nuggets Carmelo Anthony
83%
9 Hawks Dominique Wilkins
81%
5 Lakers Elgin Baylor
78%
6 Celtics John Havlicek
76%
10 Lakers James Worthy
75%
11 Celtics Paul Pierce
72%
8 Warriors Rick Barry
69%
12 Nuggets Alex English
68%
15 Nuggets David Thompson
46%
14 Jazz Adrian Dantley
41%
No matching quizzes found
Score Distribution
Percent of People with Each Score
Percentile by Number Answered
Your Score History
You have not taken this quiz